| 000 | 00552nam a2200181Ia 4500 | ||
|---|---|---|---|
| 003 | OSt | ||
| 005 | 20200917123117.0 | ||
| 008 | 190216s9999||||xx |||||||||||||| ||und|| | ||
| 020 | _a9780070857889 | ||
| 040 | _coclc | ||
| 082 |
_a621.381737 _bTAU/D |
||
| 100 |
_aTaub, Herbert _94654 |
||
| 245 | 0 |
_aDigital Integrated Electronics / _cHerbert Taub ; Donald Schilling |
|
| 260 |
_bMcgraw -hill Book Company, _aNew Delhi: _c1977. |
||
| 300 | _a650p | ||
| 650 | _aPhysics | ||
| 942 |
_cBK _2ddc _h621.381737 _iTAU/D _k621.381737 _mTAU/D |
||
| 999 |
_c34076 _d34076 |
||